JURISPRUDENCE AND LEGAL THEORY (Record no. 25748)
[ view plain ]
| 000 -LEADER | |
|---|---|
| fixed length control field | 00319nam a22001457a 4500 |
| 003 - CONTROL NUMBER IDENTIFIER | |
| control field | SGT |
| 020 ## - INTERNATIONAL STANDARD BOOK NUMBER | |
| International Standard Book Number | 9788196145415 |
| 082 ## - DEWEY DECIMAL CLASSIFICATION NUMBER | |
| Classification number | 340 |
| Item number | MAH |
| 100 ## - MAIN ENTRY--PERSONAL NAME | |
| Personal name | MAHAJAN V D |
| 245 ## - TITLE STATEMENT | |
| Title | JURISPRUDENCE AND LEGAL THEORY |
| 250 ## - EDITION STATEMENT | |
| Edition statement | 6 |
| 260 ## - PUBLICATION, DISTRIBUTION, ETC. (IMPRINT) | |
| Place of publication, distribution, etc | LUCNKOW |
| Name of publisher, distributor, etc | EASTERN BOOK COMPANY |
| Year of Publication | 2023 |
| 300 ## - PAGE DESCRIPTION | |
| No. of Pages | 702 |
| 942 ## - ADDED ENTRY ELEMENTS (KOHA) | |
| Source of classification or shelving scheme | Dewey Decimal Classification |
| Koha item type | Books |
| 942 ## - ADDED ENTRY ELEMENTS (KOHA) | |
| -- | 7 |
| Withdrawn status | Lost status | Source of classification or shelving scheme | Damaged status | Not for loan | Collection code | Home library | Current library | Shelving location | Date acquired | Vendor Name | Cost, normal purchase price | SGTU | Bill Number | Full call number | Accession No. (Barcode) | Date last seen | Bill Date | Koha item type | Total Checkouts | Date last borrowed | Checked out |
|---|---|---|---|---|---|---|---|---|---|---|---|---|---|---|---|---|---|---|---|---|---|
| Dewey Decimal Classification | Not For Loan | LAW | SGT Science & Social Sciences Library | SGT Science & Social Sciences Library | Reference Book | 24/02/2024 | COMMERCIAL BOOK HOUSE | 795.00 | SGTU | 2075 | 340 MAH | FL3296 | 24/02/2024 | 06/02/2024 | Books | ||||||
| Dewey Decimal Classification | LAW | SGT Science & Social Sciences Library | SGT Science & Social Sciences Library | Text Book | 24/02/2024 | COMMERCIAL BOOK HOUSE | 795.00 | SGTU | 2075 | 340 MAH | FL3297 | 02/03/2026 | 06/02/2024 | Books | 4 | 17/02/2026 | |||||
| Dewey Decimal Classification | LAW | SGT Science & Social Sciences Library | SGT Science & Social Sciences Library | Text Book | 24/02/2024 | COMMERCIAL BOOK HOUSE | 795.00 | SGTU | 2075 | 340 MAH | FL3298 | 10/03/2026 | 06/02/2024 | Books | 5 | 13/02/2026 | |||||
| Dewey Decimal Classification | LAW | SGT Science & Social Sciences Library | SGT Science & Social Sciences Library | Text Book | 24/02/2024 | COMMERCIAL BOOK HOUSE | 795.00 | SGTU | 2075 | 340 MAH | FL3299 | 30/05/2026 | 06/02/2024 | Books | 5 | 09/05/2026 | |||||
| Dewey Decimal Classification | LAW | SGT Science & Social Sciences Library | SGT Science & Social Sciences Library | Text Book | 24/02/2024 | COMMERCIAL BOOK HOUSE | 795.00 | SGTU | 2075 | 340 MAH | FL3300 | 28/07/2025 | 06/02/2024 | Books | 5 | 28/07/2025 | 26/09/2025 |